00651nam a2200193 a 45000010005000000030005000050050017000100080041000270400020000681100067000882450021001552600044001763000011002206500038002317100067002699420013003369990015003499520093003642720CDMR20131111103253.0130130s1965||||||||||||||||||||||||||||d aCDMRbcatcCDMR2 aCentro Técnico de la Sociedad Interamericana de Prensa9204310aManual de estilo aNew Yorkc1965bHobbs, Dorman & Company a126 p.0493086aPeriodismexManuals d'estil 92043aCentro Técnico de la Sociedad Interamericana de Prensa cMON2udc c2720d2720 00104070aCDMRbCDMRd2013-11-11l0oDc 2/7pCDMR13119582r2013-11-11w2013-11-11yMON